000 00430nam a2200181Ia 4500
005 20240823015132.0
008 240823s9999||||xx |||||||||||||| ||und||
041 _aENGLISH
082 _A006.6 P4
100 _aBaluja G S
245 0 _aComputer Graphics and Multimedia
250 _a1st
260 _c2004
_bDhanpat Rai &
_aDelhi
500 _aYES
650 _aGraphics
_bComputer Science
942 _cBK
999 _c171721
_d171721